[Event "Titled Tuesday intern op 08th Sept"]
[Site "Chess.com INT"]
[Date "2020.09.08"]
[Round "2"]
[White "Ersahin, Bulent"]
[Black "Chadaev, Nikolay"]
[Result "1/2-1/2"]
[WhiteElo "2085"]
[BlackElo "2591"]
[PlyCount "129"]
[EventDate "2020.09.08"]
[EventType "swiss (blitz)"]
[EventRounds "10"]
[EventCountry "USA"]
[SourceTitle "CBM 198 Extra"]
[Source "ChessBase"]
[SourceDate "2020.11.30"]
[SourceVersion "1"]
[SourceVersionDate "2020.11.30"]
[SourceQuality "1"]

1. e4 c5 2. Nf3 e6 3. d4 cxd4 4. Nxd4 a6 5. Bd3 Bc5 6. Nb3 Be7 7. Qg4 Bf6 8. c4 Ne7 9. 0-0 Nbc6 10. Qe2 0-0 11. Nc3 d6 12. Be3 Nb4 13. Rad1 Qc7 14. Bb1 Rd8 15. f4 b6 16. Rc1 Bb7 17. a3 Nbc6 18. Nd5 exd5 19. cxd5 Qb8 20. dxc6 Bxc6 21. Bd4 Bb5 22. Bd3 Bxd4+ 23. Nxd4 Bxd3 24. Qxd3 Qb7 25. Rfd1 Rac8 26. f5 Rxc1 27. Rxc1 Rc8 28. Rf1 Nc6 29. Nxc6 Qxc6 30. f6 Qc5+ 31. Kh1 Qc4 32. Qf3 Qe6 33. fxg7 Rc4 34. h3 Rxe4 35. Qc3 Re2 36. Qd3 Rxb2 37. Qxa6 Kxg7 38. Qa8 d5 39. Qd8 Qg6 40. Rg1 Qf5 41. Qh4 Re2 42. Qd4+ Kg6 43. Qxb6+ Re6 44. Qd4 Re4 45. Qd3 Ra4 46. Qg3+ Qg5 47. Qd3+ Kg7 48. Qc3+ d4 49. Qb3 Ra5 50. Rf1 Qd5 51. Qg3+ Qg5 52. Qb3 Rd5 53. Qd3 Qg6 54. Qf3 Rd6 55. Qf4 d3 56. Qe5+ Rf6 57. Qd4 d2 58. Rxf6 Qxf6 59. Qxd2 Qa1+ 60. Kh2 Qxa3 61. Qg5+ Kf8 62. Qd8+ Kg7 63. Qg5+ Kh8 64. Qd8+ Kg7 65. Qg5+ 1/2-1/2

[Event "Titled Tuesday intern op 08th Sept"]
[Site "Chess.com INT"]
[Date "2020.09.08"]
[Round "5"]
[White "Morefield, Jason P"]
[Black "Chadaev, Nikolay"]
[Result "0-1"]
[WhiteElo "2227"]
[BlackElo "2591"]
[PlyCount "86"]
[EventDate "2020.09.08"]
[EventType "swiss (blitz)"]
[EventRounds "10"]
[EventCountry "USA"]
[SourceTitle "CBM 198 Extra"]
[Source "ChessBase"]
[SourceDate "2020.11.30"]
[SourceVersion "1"]
[SourceVersionDate "2020.11.30"]
[SourceQuality "1"]

1. d4 g6 2. e4 Bg7 3. Nf3 d6 4. Bc4 a6 5. 0-0 e6 6. Qe2 Ne7 7. Bg5 h6 8. Bh4 b6 9. Nbd2 Bb7 10. a4 Nd7 11. Rad1 g5 12. Bg3 Ng6 13. Kh1 h5 14. h3 g4 15. Ng1 Bxd4 16. f4 gxf3 17. Ngxf3 Bxb2 18. Bb3 h4 19. Bh2 Nde5 20. Nc4 Nxc4 21. Qxc4 Qe7 22. Nd4 Bxe4 23. Nxe6 Qxe6 24. Qxc7 d5 25. Rfe1 0-0 26. Bxd5 Bxd5 27. Rxe6 Bxe6 28. Qxb6 Bg7 29. Re1 Rfe8 30. Bg1 a5 31. c4 Reb8 32. Qc6 Rc8 33. Qb7 Bxc4 34. Bb6 Rab8 35. Qa7 Bd5 36. Qxa5 Nf4 37. Bc7 Ra8 38. Qb6 Nxg2 39. Rg1 Rxa4 40. Rxg2 Ra2 41. Be5 Bxg2+ 42. Kg1 Rc1+ 43. Kh2 Bxe5# 0-1

[Event "Abu Dhabi Super Blitz op 1st"]
[Site "Chess.com INT"]
[Date "2020.04.15"]
[Round "6"]
[White "Cornette, Matthieu"]
[Black "Chadaev, Nikolay"]
[Result "0-1"]
[WhiteElo "2558"]
[BlackElo "2591"]
[PlyCount "130"]
[EventDate "2020.04.15"]
[EventType "swiss (blitz)"]
[EventRounds "11"]
[EventCountry "UAE"]
[SourceTitle "CBM 195 Extra"]
[Source "ChessBase"]
[SourceDate "2020.05.31"]
[SourceVersion "1"]
[SourceVersionDate "2020.05.31"]
[SourceQuality "1"]

1. e4 c5 2. Nc3 g6 3. h4 h5 4. Bc4 Bg7 5. d3 Nc6 6. a3 e6 7. Nge2 Nge7 8. Bg5 a6 9. Qd2 b5 10. Ba2 Bb7 11. 0-0 Qc7 12. Nd1 Ne5 13. Ne3 Ng4 14. Bf4 Qb6 15. c3 Rc8 16. f3 Nxe3 17. Bxe3 Qc7 18. Bg5 d5 19. Rae1 0-0 20. Nf4 dxe4 21. fxe4 c4 22. d4 e5 23. dxe5 Qxe5 24. Nd5 Nxd5 25. exd5 Qxd5 26. Qxd5 Bxd5 27. Bb1 Rfe8 28. Kf2 Bf8 29. Be3 a5 30. Bd4 b4 31. axb4 axb4 32. Rxe8 Rxe8 33. Re1 Rxe1 34. Kxe1 bxc3 35. bxc3 Bxg2 36. Kf2 Bd5 37. Bf6 Bc5+ 38. Kg3 Kf8 39. Kf4 Bd6+ 40. Ke3 Bc5+ 41. Kf4 Ke8 42. Ke5 Bc6 43. Ba2 Bb5 44. Kd5 Be7 45. Bxe7 Kxe7 46. Kc5 Ba6 47. Kb6 Bc8 48. Bxc4 f6 49. Be2 Bg4 50. Bd3 g5 51. hxg5 fxg5 52. c4 Bf3 53. c5 g4 54. c6 Bxc6 55. Kxc6 Ke6 56. Be2 Ke5 57. Kd7 Kf4 58. Ke6 h4 59. Kf6 h3 60. Bf1 h2 61. Bg2 Kg3 62. Bc6 Kf2 63. Kg5 g3 64. Kg4 g2 65. Bxg2 Kxg2 0-1

[Event "Titled Tuesday intern op 7th April"]
[Site "Chess.com INT"]
[Date "2020.04.07"]
[Round "5"]
[White "Zavgorodniy, Sergiy"]
[Black "Chadaev, Nikolay"]
[Result "1-0"]
[WhiteElo "2418"]
[BlackElo "2591"]
[PlyCount "109"]
[EventDate "2020.04.07"]
[EventType "swiss (blitz)"]
[EventRounds "10"]
[EventCountry "USA"]
[SourceTitle "EXT 2021"]
[Source "ChessBase"]
[SourceDate "2020.10.23"]
[SourceVersion "1"]
[SourceVersionDate "2020.10.23"]
[SourceQuality "1"]

1. e4 c5 2. Nf3 d6 3. c3 Nf6 4. Bc4 Nxe4 5. Qa4+ Nc6 6. Bxf7+ Kxf7 7. Qxe4 e5 8. d4 cxd4 9. cxd4 d5 10. Nxe5+ Nxe5 11. Qxe5 Bb4+ 12. Kf1 Re8 13. Qh5+ Kg8 14. Nc3 g6 15. Qf3 Bf5 16. Bd2 Kg7 17. h3 Qd7 18. Kg1 Rf8 19. Bf4 Be4 20. Nxe4 dxe4 21. Qxe4 Bd6 22. Be5+ Bxe5 23. dxe5 Qd2 24. Rf1 Rae8 25. f4 Qxb2 26. h4 Qxa2 27. h5 Qf7 28. Rh3 b6 29. Rg3 Qf5 30. Qe3 Qxh5 31. Rc1 Qf5 32. Rc7+ Rf7 33. Rxf7+ Qxf7 34. Qe4 Rf8 35. Rf3 Qe6 36. Kh2 Rf7 37. g4 Qxg4 38. e6 Rf5 39. Qd4+ Kh6 40. Rh3+ Rh5 41. Rxh5+ Qxh5+ 42. Kg3 Qe2 43. f5 Qe1+ 44. Kf4 Qh4+ 45. Ke5 Qxd4+ 46. Kxd4 Kg7 47. Kd5 gxf5 48. Kd6 f4 49. e7 f3 50. e8Q f2 51. Qe2 Kf6 52. Qxf2+ Kg5 53. Ke5 h5 54. Qg3+ Kh6 55. Kf6 1-0

[Event "PRO League Stage"]
[Site "Chess.com INT"]
[Date "2020.02.05"]
[Round "5"]
[White "Chadaev, Nikolay"]
[Black "Banusz, Tamas"]
[Result "1/2-1/2"]
[WhiteElo "2591"]
[BlackElo "2620"]
[PlyCount "86"]
[EventDate "2020.01.06"]
[EventType "team-swiss (rapid)"]
[EventRounds "7"]
[EventCountry "USA"]
[SourceTitle "CBM 194 Extra"]
[Source "ChessBase"]
[SourceDate "2020.03.31"]
[SourceVersion "1"]
[SourceVersionDate "2020.03.31"]
[SourceQuality "1"]
[WhiteTeam "Russia Wizards"]
[BlackTeam "Hungary Hunters"]
[WhiteTeamCountry "RUS"]
[BlackTeamCountry "HUN"]

1. d4 d5 2. Bf4 Nf6 3. e3 c5 4. c3 Nc6 5. Nd2 e6 6. Ngf3 Bd6 7. Bg3 0-0 8. Bb5 Be7 9. Bd3 Nh5 10. Ne5 g6 11. Ndf3 f6 12. Nxc6 bxc6 13. 0-0 Nxg3 14. hxg3 Rb8 15. Qc2 Kg7 16. c4 Qb6 17. Rab1 Bd7 18. Rfc1 Rfc8 19. dxc5 Bxc5 20. b4 Be7 21. c5 Qc7 22. e4 dxe4 23. Bxe4 f5 24. Bd3 e5 25. Bc4 e4 26. Nd4 Bf6 27. Rd1 Re8 28. b5 cxb5 29. Nxb5 Bxb5 30. Bxb5 Red8 31. c6 e3 32. f4 Rd4 33. Be2 Rxb1 34. Rxb1 Kh6 35. Rb7 Qa5 36. c7 Qe1+ 37. Kh2 Bh4 38. c8Q Qxg3+ 39. Kg1 Qf2+ 40. Kh1 Qe1+ 41. Kh2 Qg3+ 42. Kh1 Qe1+ 43. Kh2 Qg3+ 1/2-1/2

[Event "PRO League Stage"]
[Site "Chess.com INT"]
[Date "2020.02.05"]
[Round "5"]
[White "Chadaev, Nikolay"]
[Black "Markus, Robert"]
[Result "1-0"]
[WhiteElo "2591"]
[BlackElo "2599"]
[PlyCount "81"]
[EventDate "2020.01.06"]
[EventType "team-swiss (rapid)"]
[EventRounds "7"]
[EventCountry "USA"]
[SourceTitle "CBM 194 Extra"]
[Source "ChessBase"]
[SourceDate "2020.03.31"]
[SourceVersion "1"]
[SourceVersionDate "2020.03.31"]
[SourceQuality "1"]
[WhiteTeam "Russia Wizards"]
[BlackTeam "Hungary Hunters"]
[WhiteTeamCountry "RUS"]
[BlackTeamCountry "HUN"]

1. d4 Nf6 2. Bf4 d6 3. Nf3 Nbd7 4. Nc3 c5 5. d5 b5 6. Nxb5 Qa5+ 7. Nc3 Rb8 8. Bd2 Rxb2 9. e4 g6 10. Bd3 Bg7 11. Rb1 Rxb1 12. Qxb1 0-0 13. h3 Qc7 14. Nb5 Qb6 15. c4 e6 16. 0-0 exd5 17. exd5 a6 18. Nc3 Qc7 19. Re1 Re8 20. Bf4 Bf8 21. Rxe8 Nxe8 22. Qe1 Nef6 23. Ne4 Nxe4 24. Qxe4 Nf6 25. Qe2 Qd8 26. g4 h5 27. g5 Ne8 28. h4 Ng7 29. Nd2 Bf5 30. Ne4 Bxe4 31. Bxe4 Ne8 32. Kg2 Bg7 33. Bg3 Bd4 34. Qc2 Ng7 35. Qa4 Nf5 36. Bxf5 gxf5 37. Qxa6 Qe8 38. Qxd6 Qe4+ 39. Kh2 Qc2 40. Qf4 Qxc4 41. Qxf5 1-0

[Event "PRO League Stage"]
[Site "Chess.com INT"]
[Date "2020.02.05"]
[Round "5"]
[White "Navara, David"]
[Black "Chadaev, Nikolay"]
[Result "1-0"]
[WhiteElo "2717"]
[BlackElo "2591"]
[PlyCount "83"]
[EventDate "2020.01.06"]
[EventType "team-swiss (rapid)"]
[EventRounds "7"]
[EventCountry "USA"]
[SourceTitle "CBM 194 Extra"]
[Source "ChessBase"]
[SourceDate "2020.03.31"]
[SourceVersion "1"]
[SourceVersionDate "2020.03.31"]
[SourceQuality "1"]
[WhiteTeam "Hungary Hunters"]
[BlackTeam "Russia Wizards"]
[WhiteTeamCountry "HUN"]
[BlackTeamCountry "RUS"]

1. e4 e5 2. Nf3 Nc6 3. Bb5 a6 4. Ba4 Nf6 5. 0-0 Be7 6. Re1 b5 7. Bb3 0-0 8. a4 b4 9. d3 d6 10. Nbd2 Be6 11. Nc4 h6 12. a5 Rb8 13. h3 Re8 14. Be3 Bf8 15. d4 exd4 16. Nxd4 Bd7 17. Qf3 Rxe4 18. Nxc6 Bxc6 19. Nd2 Rc4 20. Qg3 Ne4 21. Qf4 g5 22. Qg4 Bd7 23. Qf3 Nxd2 24. Bxd2 Bc6 25. Qf5 Rb5 26. Qd3 Rcc5 27. Qg6+ Kh8 28. Qxf7 Bg7 29. Re7 Qf8 30. Qxf8+ Bxf8 31. Rxc7 Be4 32. Rxc5 dxc5 33. Bc4 Rb8 34. Bxa6 Bxc2 35. Bc4 Ra8 36. a6 Ra7 37. Ra5 b3 38. Be3 Bg7 39. Bxc5 Ra8 40. Bd5 Rd8 41. a7 Bxb2 42. a8Q 1-0

[Event "PRO League Stage"]
[Site "Chess.com INT"]
[Date "2020.01.13"]
[Round "2"]
[White "Dastan, Batuhan Muhammed"]
[Black "Chadaev, Nikolay"]
[Result "0-1"]
[WhiteElo "2572"]
[BlackElo "2591"]
[PlyCount "72"]
[EventDate "2020.01.06"]
[EventType "team-swiss (rapid)"]
[EventRounds "7"]
[EventCountry "USA"]
[SourceTitle "CBM 194 Extra"]
[Source "ChessBase"]
[SourceDate "2020.03.31"]
[SourceVersion "1"]
[SourceVersionDate "2020.03.31"]
[SourceQuality "1"]
[WhiteTeam "Turkey Knights"]
[BlackTeam "Russia Wizards"]
[WhiteTeamCountry "TUR"]
[BlackTeamCountry "RUS"]

1. e4 d6 2. d4 g6 3. Nf3 Bg7 4. Bc4 e6 5. 0-0 Ne7 6. Bb3 0-0 7. Re1 b6 8. c3 Bb7 9. Bf4 Nd7 10. Qd2 Nf6 11. Bc2 c5 12. dxc5 d5 13. exd5 Bxd5 14. Be3 bxc5 15. Bxc5 Qc7 16. Bxe7 Qxe7 17. Nd4 Qb7 18. Bb3 Bxg2 19. Qg5 Bd5 20. Nd2 a5 21. c4 Bc6 22. Nxc6 Qxc6 23. Qb5 Qc7 24. Nf3 Qf4 25. Ne5 Ne4 26. Rxe4 Qxe4 27. Nd7 Rfd8 28. c5 a4 29. Bd1 a3 30. bxa3 Bxa1 31. Bb3 Bd4 32. c6 Rdc8 33. Qc4 Qe1+ 34. Kg2 Qxf2+ 35. Kh3 Qf3+ 36. Kh4 Bf2+ 0-1

[Event "Titled Tuesday intern op 7th March"]
[Site "Chess.com INT"]
[Date "2017.03.07"]
[Round "2"]
[White "Chadaev, Nikolay"]
[Black "Mischuk, Dmitry"]
[Result "1-0"]
[WhiteElo "2591"]
[BlackElo "2344"]
[PlyCount "287"]
[EventDate "2017.03.07"]
[EventType "swiss (blitz)"]
[EventRounds "11"]
[EventCountry "USA"]
[SourceTitle "EXT 2021"]
[Source "ChessBase"]
[SourceDate "2020.10.23"]
[SourceVersion "1"]
[SourceVersionDate "2020.10.23"]
[SourceQuality "1"]

1. e4 c5 2. Nc3 Nc6 3. Bb5 Nd4 4. Nf3 e6 5. 0-0 Ne7 6. Nxd4 cxd4 7. Ne2 Qb6 8. Ba4 Nc6 9. d3 Be7 10. f4 d6 11. f5 exf5 12. exf5 0-0 13. Ng3 Ne5 14. Bb3 Bf6 15. Ne4 Qd8 16. Qh5 d5 17. Nxf6+ Qxf6 18. Bg5 Qd6 19. f6 Be6 20. fxg7 Rfe8 21. Bf4 f6 22. Rae1 Bf7 23. Qh6 Re6 24. Bg3 Rae8 25. Qf4 Qc5 26. h3 Ng6 27. Qf2 Rxe1 28. Rxe1 Rxe1+ 29. Qxe1 Kxg7 30. Bf2 Ne5 31. Qd2 Nc6 32. Qf4 b5 33. c3 a5 34. Bxd4 Nxd4 35. Qxd4 Qxd4+ 36. cxd4 Kf8 37. Kf2 Ke7 38. Ke3 Kd6 39. Bd1 b4 40. g3 h6 41. h4 Bg6 42. a3 Bh7 43. axb4 axb4 44. Be2 Bf5 45. Kf4 Be6 46. Bh5 Bd7 47. Bg6 Be6 48. Bf5 Bf7 49. Ke3 Bh5 50. Kd2 Kc6 51. Kc2 Bf7 52. Kb3 Kb5 53. Bd7+ Ka5 54. Bf5 Bg8 55. Bd7 Bf7 56. g4 Bg8 57. Kc2 Kb6 58. Kd2 Kc7 59. Bf5 Bf7 60. Ke3 Kd6 61. Kf4 Be8 62. Bh7 Bd7 63. Bg6 Bc8 64. g5 fxg5+ 65. hxg5 hxg5+ 66. Kxg5 Bd7 67. Kf6 Bc8 68. Bf5 Ba6 69. Kf7 Bb5 70. Kf6 Ba4 71. Bg4 Bb5 72. Kf7 Ba4 73. Bf3 Bb5 74. Be2 Ba4 75. Kf6 Bb5 76. Kf5 Ba4 77. Kf4 Bb3 78. Ke3 Ba4 79. Kd2 Kc7 80. Bd1 Bb5 81. Bh5 Bd7 82. Kc2 Kb6 83. Bf7 Bc6 84. Kb3 Ka5 85. Be6 Ba4+ 86. Ka2 Bc6 87. Kb1 Kb6 88. Kc2 Bb7 89. Kb3 Ka5 90. Bd7 Ba8 91. Kc2 Kb6 92. Be8 Bb7 93. Kd2 Bc8 94. Ke3 Kc7 95. Kf4 Kd6 96. Bb5 Be6 97. Kg5 Ke7 98. Ba4 Bg8 99. Kf5 Kd6 100. Kf6 Bh7 101. Bc2 Bg8 102. Bd1 Be6 103. Ba4 Bg4 104. Kf7 Bh5+ 105. Kf8 Bg6 106. Bb5 Bh5 107. Be8 Be2 108. Bg6 Bd1 109. Ke8 Ba4+ 110. Kd8 Bd7 111. Bh7 Bb5 112. Kc8 Ba4 113. Kb7 Bc2 114. Kb6 b3 115. Kb5 Bb1 116. Kb4 Bc2 117. Bg6 Kd7 118. Kc3 Kd6 119. Be8 Kc7 120. Ba4 Bd1 121. Bxb3 Bh5 122. Kb4 Kd6 123. Ka5 Be2 124. Bc2 Kc6 125. b4 Bg4 126. b5+ Kb7 127. Bb3 Be6 128. b6 Bd7 129. Bxd5+ Kb8 130. Kb4 Bc8 131. Kc5 Bf5 132. Bc4 Bd7 133. d5 Kb7 134. d6 Bf5 135. d4 Bd7 136. Bd5+ Kb8 137. Bc6 Bf5 138. d7 Bxd7 139. Bxd7 Kb7 140. Bc6+ Kb8 141. d5 Kc8 142. d6 Kb8 143. b7 Ka7 144. d7 1-0

[Event "Titled Tuesday intern op 7th March"]
[Site "Chess.com INT"]
[Date "2017.03.07"]
[Round "4"]
[White "Klein, David"]
[Black "Chadaev, Nikolay"]
[Result "1-0"]
[WhiteElo "2513"]
[BlackElo "2591"]
[PlyCount "33"]
[EventDate "2017.03.07"]
[EventType "swiss (blitz)"]
[EventRounds "11"]
[EventCountry "USA"]
[SourceTitle "EXT 2021"]
[Source "ChessBase"]
[SourceDate "2020.10.23"]
[SourceVersion "1"]
[SourceVersionDate "2020.10.23"]
[SourceQuality "1"]

1. e4 c5 2. Nf3 e6 3. g3 Nc6 4. Bg2 Nf6 5. Qe2 d5 6. exd5 Nxd5 7. 0-0 Be7 8. Rd1 Bf6 9. Nc3 0-0 10. Ne4 b6 11. Nxf6+ Qxf6 12. c4 Nde7 13. d4 cxd4 14. Bg5 Qg6 15. Bxe7 Nxe7 16. Ne5 d3 17. Rxd3 1-0

[Event "Titled Tuesday intern op 7th March"]
[Site "Chess.com INT"]
[Date "2017.03.07"]
[Round "1"]
[White "Matko, Ognjen"]
[Black "Chadaev, Nikolay"]
[Result "0-1"]
[WhiteElo "2302"]
[BlackElo "2591"]
[PlyCount "70"]
[EventDate "2017.03.07"]
[EventType "swiss (blitz)"]
[EventRounds "11"]
[EventCountry "USA"]
[SourceTitle "EXT 2021"]
[Source "ChessBase"]
[SourceDate "2020.10.23"]
[SourceVersion "1"]
[SourceVersionDate "2020.10.23"]
[SourceQuality "1"]

1. e4 c5 2. Nf3 e6 3. d4 cxd4 4. Nxd4 a6 5. Nc3 b5 6. g3 Bb7 7. Bg2 d6 8. 0-0 Nd7 9. h3 Qc7 10. Re1 Be7 11. Qg4 Bf6 12. Be3 Ne5 13. Qe2 Ne7 14. Rad1 0-0 15. g4 Nc4 16. Bc1 Qb6 17. Nb3 Rac8 18. Kh1 Nxb2 19. Bxb2 Bxc3 20. Bxc3 Rxc3 21. Qd2 Qc7 22. Qxd6 Rxc2 23. Qxc7 Rxc7 24. Na5 e5 25. Nxb7 Rxb7 26. Rd6 a5 27. Rc1 Ng6 28. Rc5 a4 29. Bf1 b4 30. Bc4 b3 31. axb3 axb3 32. Rd1 b2 33. Rb1 Rfb8 34. Bd5 Ra7 35. Rc2 Ra1 0-1

[Event "Titled Tuesday intern op 2nd Aug"]
[Site "Chess.com INT"]
[Date "2016.08.02"]
[Round "1"]
[White "Chadaev, Nikolay"]
[Black "Richter, Paul"]
[Result "1-0"]
[WhiteElo "2591"]
[BlackElo "2158"]
[PlyCount "35"]
[EventDate "2016.08.02"]
[EventType "swiss (blitz)"]
[EventRounds "9"]
[EventCountry "USA"]
[SourceTitle "EXT 2021"]
[Source "ChessBase"]
[SourceDate "2020.10.23"]
[SourceVersion "1"]
[SourceVersionDate "2020.10.23"]
[SourceQuality "1"]

1. e4 c5 2. Nf3 d6 3. c3 Nf6 4. Be2 Bg4 5. 0-0 Nc6 6. d4 Bxf3 7. Bxf3 cxd4 8. cxd4 e5 9. Be3 exd4 10. Bxd4 Nxd4 11. Qxd4 Be7 12. Nc3 Qd7 13. Rad1 Rd8 14. Qxa7 Qe6 15. Qxb7 0-0 16. Qa6 Rb8 17. Qe2 Nd7 18. Bg4 1-0

[Event "Titled Tuesday intern op 2nd Aug"]
[Site "Chess.com INT"]
[Date "2016.08.02"]
[Round "9"]
[White "Eliseev, Evgeniy1111"]
[Black "Chadaev, Nikolay"]
[Result "1/2-1/2"]
[WhiteElo "1992"]
[BlackElo "2591"]
[PlyCount "243"]
[EventDate "2016.08.02"]
[EventType "swiss (blitz)"]
[EventRounds "9"]
[EventCountry "USA"]
[SourceTitle "EXT 2021"]
[Source "ChessBase"]
[SourceDate "2020.10.23"]
[SourceVersion "1"]
[SourceVersionDate "2020.10.23"]
[SourceQuality "1"]

1. d4 b5 2. Nf3 b4 3. e4 a5 4. Bd3 Bb7 5. 0-0 g6 6. a3 Bg7 7. axb4 axb4 8. Rxa8 Bxa8 9. Bd2 Nf6 10. Re1 c5 11. dxc5 Nc6 12. c3 bxc3 13. Bxc3 0-0 14. b4 d6 15. b5 Na7 16. c6 Qb8 17. Na3 Rc8 18. Qa4 Nxc6 19. bxc6 Bxc6 20. Qb4 Qa8 21. Nb1 Rb8 22. Qc4 d5 23. exd5 Bxd5 24. Qf4 Nh5 25. Qe3 Rxb1 26. Rxb1 Bxc3 27. Bxg6 hxg6 28. Qxc3 Bxf3 29. Qxf3 Qxf3 30. gxf3 Kg7 31. Rb4 e5 32. Kf1 Nf4 33. Ra4 f5 34. Ra6 Kf7 35. Ke1 Kg7 36. Kd2 Kf7 37. Ke3 Kg7 38. Ra4 Kf6 39. Ra6+ Kf7 40. Kd2 Kg7 41. Kc3 Nh3 42. Kc4 Nxf2 43. Kd5 e4 44. f4 Nd3 45. Ra7+ Kh6 46. Kd4 Nxf4 47. Ke5 Nd3+ 48. Kf6 e3 49. Re7 f4 50. h3 Nf2 51. Re8 Kh7 52. Re7+ Kg8 53. Kxg6 Kf8 54. Rf7+ Ke8 55. Rf5 Nxh3 56. Kh5 Kd7 57. Kg4 e2 58. Re5 Nf2+ 59. Kf3 Nd3 60. Rxe2 Nc5 61. Kxf4 Ne6+ 62. Ke5 Nc7 63. Rd2+ Kc6 64. Rc2+ Kd7 65. Rh2 Kc6 66. Rh6+ Kc5 67. Rh1 Kc6 68. Rd1 Nb5 69. Rc1+ Kd7 70. Kd5 Nc7+ 71. Ke5 Nb5 72. Rc2 Nc7 73. Rd2+ Kc6 74. Rd6+ Kc5 75. Rd7 Kc6 76. Rh7 Nb5 77. Rh8 Nc7 78. Rh1 Kd7 79. Rb1 Kc6 80. Rb2 Kd7 81. Rb6 Ke7 82. Kd4 Kd7 83. Kc5 Ne6+ 84. Kd5 Nc7+ 85. Ke5 Ke7 86. Rd6 Ne8 87. Rh6 Ng7 88. Ra6 Kf7 89. Rf6+ Ke7 90. Rg6 Kf7 91. Ra6 Nh5 92. Ra7+ Kg6 93. Ra1 Ng7 94. Rf1 Nh5 95. Rg1+ Kf7 96. Ra1 Ng7 97. Ra6 Nh5 98. Ra7+ Kg6 99. Ke6 Ng7+ 100. Ke5 Nh5 101. Ra2 Ng7 102. Rf2 Nh5 103. Rf8 Ng7 104. Rf6+ Kg5 105. Ra6 Nh5 106. Ra1 Kg6 107. Ke6 Ng7+ 108. Ke7 Nf5+ 109. Ke6 Ng7+ 110. Ke5 Nh5 111. Rg1+ Kf7 112. Rg5 Ng7 113. Rg4 Nh5 114. Ra4 Ng7 115. Ra6 Nh5 116. Rh6 Ng7 117. Rf6+ Ke7 118. Rf1 Ne8 119. Ra1 Kd7 120. Rd1+ Kc6 121. Rd8 Nc7 122. Rd6+ 1/2-1/2

[Event "Titled Tuesday intern op 2nd Aug"]
[Site "Chess.com INT"]
[Date "2016.08.02"]
[Round "7"]
[White "Pichot, Alan"]
[Black "Chadaev, Nikolay"]
[Result "1-0"]
[WhiteElo "2550"]
[BlackElo "2591"]
[PlyCount "56"]
[EventDate "2016.08.02"]
[EventType "swiss (blitz)"]
[EventRounds "9"]
[EventCountry "USA"]
[SourceTitle "EXT 2021"]
[Source "ChessBase"]
[SourceDate "2020.10.23"]
[SourceVersion "1"]
[SourceVersionDate "2020.10.23"]
[SourceQuality "1"]

1. e4 e5 2. Nf3 Nc6 3. Bb5 a6 4. Ba4 g6 5. 0-0 Bg7 6. c3 Nge7 7. d4 exd4 8. cxd4 0-0 9. d5 b5 10. Bc2 Na5 11. Bd2 Nc4 12. Bc3 Nxb2 13. Qc1 Nc4 14. Bxg7 Kxg7 15. a4 Bb7 16. Nbd2 Nxd2 17. Qxd2 d6 18. Nd4 Qd7 19. f4 c5 20. dxc6 Nxc6 21. axb5 axb5 22. Nxb5 Ba6 23. Nxd6 Rfd8 24. Rfd1 Qa7+ 25. Kh1 Qc5 26. e5 Rdb8 27. Be4 Rb6 28. Rac1 Bc4 1-0

[Event "Titled Tuesday intern op 2nd Aug"]
[Site "Chess.com INT"]
[Date "2016.08.02"]
[Round "2"]
[White "Rychagov, Andrey"]
[Black "Chadaev, Nikolay"]
[Result "1-0"]
[WhiteElo "2555"]
[BlackElo "2591"]
[PlyCount "105"]
[EventDate "2016.08.02"]
[EventType "swiss (blitz)"]
[EventRounds "9"]
[EventCountry "USA"]
[SourceTitle "EXT 2021"]
[Source "ChessBase"]
[SourceDate "2020.10.23"]
[SourceVersion "1"]
[SourceVersionDate "2020.10.23"]
[SourceQuality "1"]

1. d4 Nf6 2. c4 e6 3. Nf3 d5 4. Nc3 Be7 5. Bf4 0-0 6. e3 b6 7. cxd5 Nxd5 8. Nxd5 Qxd5 9. a3 Ba6 10. Bxa6 Qa5+ 11. Qd2 Qxa6 12. Qe2 Qa5+ 13. Nd2 Bd6 14. Bxd6 cxd6 15. 0-0 Nd7 16. Nc4 Qa6 17. Rfe1 d5 18. Nd6 Qa4 19. Rac1 Nf6 20. Rc7 Ne8 21. Nxe8 Rfxe8 22. Rec1 h6 23. h3 Rf8 24. Qc2 Qb5 25. Qc3 a5 26. Rb7 Qa6 27. Qc6 Rab8 28. Rc7 Qe2 29. Qc2 Qb5 30. b3 Rfe8 31. Qc3 Rf8 32. Rc2 Qa6 33. Qc6 Qd3 34. Qc3 Qd1+ 35. Kh2 a4 36. b4 Ra8 37. Rb7 Qf1 38. Rxb6 Rfd8 39. Rb7 h5 40. b5 Qb1 41. Rb2 Qd1 42. Rc7 g5 43. b6 g4 44. b7 Rab8 45. Rc8 gxh3 46. Rxd8+ Rxd8 47. gxh3 Kg7 48. b8Q Rxb8 49. Rxb8 Qf3 50. Rb2 h4 51. Qc7 Qd1 52. Qe5+ Kg6 53. Qf4 1-0

[Event "Titled Tuesday intern op 2nd Febr"]
[Site "Chess.com INT"]
[Date "2016.02.02"]
[Round "4"]
[White "Aveskulov, Valeriy"]
[Black "Chadaev, Nikolay"]
[Result "1-0"]
[WhiteElo "2529"]
[BlackElo "2591"]
[PlyCount "121"]
[EventDate "2016.02.02"]
[EventType "swiss (blitz)"]
[EventRounds "9"]
[EventCountry "USA"]
[SourceTitle "EXT 2021"]
[Source "ChessBase"]
[SourceDate "2020.10.23"]
[SourceVersion "1"]
[SourceVersionDate "2020.10.23"]
[SourceQuality "1"]

1. e4 c5 2. c3 Nf6 3. e5 Nd5 4. Nf3 Nc6 5. Bc4 Nb6 6. Bb3 d6 7. exd6 Qxd6 8. 0-0 Bf5 9. d4 cxd4 10. Nxd4 Nxd4 11. cxd4 e6 12. Qf3 Qc6 13. Qxc6+ bxc6 14. Be3 Bb4 15. a3 Bd6 16. Nd2 Kd7 17. Rfc1 Rab8 18. Bd1 Bd3 19. b4 Bb5 20. Ne4 Ra8 21. a4 Bd3 22. Nc5+ Bxc5 23. dxc5 Nd5 24. b5 cxb5 25. c6+ Kc7 26. Bd2 Rhc8 27. Bf3 a5 28. Bxd5 exd5 29. Bf4+ Kb6 30. Be3+ Kc7 31. axb5 Bxb5 32. Bf4+ Kb6 33. c7 a4 34. Be3+ Ka6 35. Rc5 f6 36. f3 Ra7 37. Rxb5 Kxb5 38. Bxa7 Rxc7 39. Rb1+ Ka6 40. Be3 Rc3 41. Kf2 a3 42. Bd4 Rc2+ 43. Ke3 a2 44. Rb8 Rxg2 45. h4 Ka5 46. Kd3 Ka4 47. Bc3 Rf2 48. Ra8+ Kb5 49. Ke3 Rh2 50. h5 Kc4 51. Bd4 Kb3 52. Rb8+ Kc4 53. Rc8+ Kb4 54. Rb8+ Ka5 55. Ra8+ Kb5 56. Kd3 h6 57. Ra7 Rg2 58. Ra8 Kc6 59. Bc3 Kd6 60. Bd2 Rh2 61. Bf4+ 1-0

[Event "Titled Tuesday intern op 2nd Febr"]
[Site "Chess.com INT"]
[Date "2016.02.02"]
[Round "9"]
[White "Dlugy, Maxim"]
[Black "Chadaev, Nikolay"]
[Result "1/2-1/2"]
[WhiteElo "2518"]
[BlackElo "2591"]
[PlyCount "103"]
[EventDate "2016.02.02"]
[EventType "swiss (blitz)"]
[EventRounds "9"]
[EventCountry "USA"]
[SourceTitle "EXT 2021"]
[Source "ChessBase"]
[SourceDate "2020.10.23"]
[SourceVersion "1"]
[SourceVersionDate "2020.10.23"]
[SourceQuality "1"]

1. d4 Nf6 2. Bf4 g6 3. Nc3 d5 4. Qd2 c6 5. f3 Bf5 6. g4 Be6 7. h4 h5 8. g5 Nfd7 9. e4 Bg7 10. 0-0-0 0-0 11. Kb1 a5 12. Be3 Nb6 13. Nh3 Bxh3 14. Rxh3 e6 15. a4 Qe7 16. b3 Rd8 17. e5 N8d7 18. f4 Rdc8 19. Bf2 Rc7 20. Be1 Qf8 21. Ka2 Nc8 22. Qc1 Ne7 23. Qa3 Qd8 24. Bd3 Rcc8 25. Ne2 Bf8 26. Qb2 Rab8 27. c4 c5 28. Bc3 cxd4 29. Nxd4 Nc5 30. Be2 Qb6 31. Nb5 Nf5 32. cxd5 exd5 33. Rxd5 Ne4 34. Bc4 Nxc3+ 35. Qxc3 Bb4 36. Qf3 Rd8 37. Rh2 Qg1 38. Re2 Kg7 39. Qd3 Qb6 40. Nd6 Nxd6 41. exd6 Rxd6 42. Re7 Qf2+ 43. Kb1 Rxd5 44. Rxf7+ Kxf7 45. Qxd5+ Kg7 46. Qf7+ Kh8 47. Qf6+ Kh7 48. Qf7+ Kh8 49. Qf6+ Kh7 50. Qf7+ Kh8 51. Qf6+ Kh7 52. Qf7+ 1/2-1/2